Normal view
MARC view
Entry Personal Name
001 - CONTROL NUMBER
- control field: 1235637
003 - CONTROL NUMBER IDENTIFIER
- control field: OSt
005 - DATE AND TIME OF LATEST TRANSACTION
- control field: 20260424115324.0
008 - FIXED-LENGTH DATA ELEMENTS
- fixed length control field: 260424|| aca||aabn | a|a d
040 ## - CATALOGING SOURCE
- Original cataloging agency: OSt
- Transcribing agency: OSt
100 ## - HEADING--PERSONAL NAME
- Personal name: R P Athparia , Sunumi Changmi & Jyotikona Chetia Ed
670 ## - SOURCE DATA FOUND
- Source citation: Work cat.: (OSt)1848503: Gender Implications of Tribal Customary Law, 2017
